000 00655nam a2200193Ii 4500
003 JO-AjNU
008 230606s9999||||xx |||||||||||||| ||und||
040 _aJO-AjNU
_beng
_erda
_cJO-AjNU
041 _aeng
050 1 4 _aRA359.J6.H53.2012
100 3 _aHigh Health Council General Secretariat,
_eauthor
_93597
245 0 0 _aJordan National Health Accounts 2012 : Technical Report No. 5
264 3 1 _aAmman, Jordan: High Health Council,2012
300 _a55p
336 _atext
_btxt
_2rdacontent
337 _aunmediated
_bn
_2rdamedia
338 _avolume
_bnc
_2rdacarrier
650 4 _aPublic health -- Jordan -- Medical care, Cost of -- Jordan
_93598
999 _aE1877
_c1877
_d1877